Normal view MARC view
  • México

Entry Nombre Geográfico

Number of records used in: 502

001 - NÚMERO DE CONTROL

  • campo de control: 4512

003 - IDENTIFICADOR DE NUMERO DE CONTROL

  • campo de control: MX-MxUPN

005 - FECHA Y HORA DE LA ÜLTIMA TRANSACCIÓN

  • campo de control: 20240918131912.0

008 - DATOS DE LONGITUD FIJA

  • campo de control de longitud fija: 220526n||acnnnbabn | ana |d

035 ## - NÚMERO DE CONTROL

  • Número de control: UPN10000004512

040 ## - FUENTE DE CATALOGACIÓN

  • Agencia de catalogación original: MX-MxUPN
  • Lenguaje de catalogación: spa
  • Agencia de transcripción: MX-MxUPN

053 #4 - NÚMERO DE CLASIFICACIÓN LC

  • Elemento de número de clasificación-número único o número de inicio de tramo: JL1281

151 ## - ENCABEZAMIENTO - NOMBRE GEOGRÁFICO

  • Nombre geográfico: México
  • Subdivisión general : Política y gobierno

670 ## - FUENTE EN LA QUE SE LOCALIZARON DATOS

  • Cita de la fuente: DGB UNAM, 26 mayo 2022:
  • Información localizada: (México--Política y gobierno)

902 ## - CATALOGADOR

  • Catalogador: JMG/220297